Brawl Stars: Spike Skins by Picture - Statistics

General Stats
  • This quiz has been taken 54 times
    17 since last reset
  • The average score is 9 of 11
Answer Stats
Picture Answer % Correct
Poop Spike
100%
Dark Lord Spike
82%
Logmas Spike
82%
Mask Spike
82%
Pyro Spike
82%
Toon Spike
82%
True Gold Spike
82%
True Silver Spike
82%
Robo Spike
73%
Sakura Spike
73%
Carreta Spike
55%
No matching quizzes found
Score Distribution
Percent of People with Each Score
Percentile by Number Answered
Your Score History
You have not taken this quiz since the last reset